[Event "Weekend Accademia"]
[Site "Roma ITA"]
[Date "1996.??.??"]
[Round "6"]
[White "Simeone, Giulio"]
[Black "Verrascina, Nicola"]
[Result "0-1"]
[WhiteElo "1654"]
[BlackElo "2090"]
[PlyCount "82"]
[EventDate "1996.??.??"]

1. c4 e5 2. Nc3 f5 3. e3 Nf6 4. d4 e4 5. Bd2 c6 6. Nh3 d5 7. c5 Be7 8. Nf4 O-O
9. Be2 g5 10. Nh5 Nxh5 11. Bxh5 Nd7 12. Be2 Rf6 13. Qb3 Nf8 14. O-O-O b6 15.
cxb6 axb6 16. Kb1 b5 17. Rc1 Bd7 18. h3 Be8 19. Rhf1 Ne6 20. g4 f4 21. f3 b4
22. Nd1 Qd6 23. fxe4 dxe4 24. exf4 gxf4 25. Bxf4 Rxf4 26. Rxf4 Qxf4 27. Qxe6+
Bf7 28. Qxc6 Bxa2+ 29. Ka1 Bd5+ 30. Qxa8+ Bxa8 31. Rc8+ Kg7 32. Rxa8 Qd2 33.
Ra7 Qxe2 34. Rxe7+ Kf6 35. Rb7 Qxd1+ 36. Ka2 Qa4+ 37. Kb1 e3 38. Rb6+ Kg5 39.
Re6 e2 40. Re5+ Kg6 41. Re6+ Kf7 0-1

[Event "Weekend Accademia"]
[Site "Roma ITA"]
[Date "1996.??.??"]
[Round "6"]
[White "Simeoni, Matteo"]
[Black "Giangregorio, Pasquale"]
[Result "0-1"]
[WhiteElo "1794"]
[BlackElo "1767"]
[PlyCount "110"]
[EventDate "1996.??.??"]

1. e4 c6 2. Nc3 d5 3. Nf3 dxe4 4. Nxe4 Bf5 5. Ng3 Bg6 6. h4 h6 7. Ne5 Qd6 8. d4
Nd7 9. Nxg6 Qxg6 10. Bf4 Ngf6 11. Be2 Nd5 12. Qd2 Qf6 13. Be3 e6 14. O-O-O
O-O-O 15. Qa5 Nxe3 16. fxe3 Qf2 17. Rh3 Qxe3+ 18. Kb1 Nb6 19. Qxa7 Rxd4 20.
Rxd4 Qxd4 21. Nf1 Qf2 22. a4 Qxe2 23. Rf3 Qa6 24. Qxa6 bxa6 25. Rxf7 Nxa4 26.
Nd2 Nc5 27. h5 Nd7 28. Nf3 c5 29. Nh4 Rg8 30. Ng6 Bd6 31. Rf2 Kc7 32. c3 Nf6
33. g4 Nxg4 34. Rf7+ Kc6 35. Ra7 Kb6 36. Rd7 Bc7 37. Kc2 Nf6 38. Re7 e5 39.
Re6+ Kb7 40. Re7 e4 41. Nf4 Re8 42. Rxg7 Kb8 43. Ne2 Nxh5 44. Rh7 Nf4 45. Ng3
e3 46. Rxh6 e2 47. Nxe2 Rxe2+ 48. Kb3 Kb7 49. Kc4 Rxb2 50. Kxc5 a5 51. Rh1 Nd3+
52. Kd4 Ne5 53. c4 Rb4 54. Kc3 Nxc4 55. Rh4 Be5+ 0-1

[Event "Weekend Accademia"]
[Site "Roma ITA"]
[Date "1996.??.??"]
[Round "6"]
[White "Togni, Giampiero"]
[Black "Barro, Carlo"]
[Result "0-1"]
[WhiteElo "1710"]
[BlackElo "1771"]
[PlyCount "138"]
[EventDate "1996.??.??"]

1. Nf3 Nf6 2. c4 g6 3. b3 Bg7 4. Bb2 d6 5. Nc3 e5 6. d3 Nc6 7. g3 O-O 8. Bg2
Bg4 9. O-O Rb8 10. Qd2 a5 11. Nh4 Be6 12. Rad1 Nd7 13. Nd5 b6 14. f4 Bxd5 15.
cxd5 Ne7 16. f5 Nf6 17. e4 c5 18. Qe2 g5 19. Nf3 h6 20. Bc1 Kh8 21. h3 Neg8 22.
Kh1 b5 23. Nh2 Nh7 24. Bd2 b4 25. Rg1 Ra8 26. Bf3 a4 27. Bh5 Ngf6 28. Ra1 axb3
29. axb3 Qd7 30. Rgb1 Qb7 31. Bf3 Rxa1 32. Rxa1 Ra8 33. Qd1 Ra3 34. Qb1 Qa6 35.
Rxa3 bxa3 36. Qf1 Qb5 37. Bd1 h5 38. Bc3 g4 39. h4 Bh6 40. Qe2 Bc1 41. Qc2 Be3
42. Kg2 Bd4 43. Nf1 Bxc3 44. Qxc3 Qb4 45. Qc2 Qe1 46. Nd2 a2 47. Qxa2 Qxd1 48.
Nc4 Qf3+ 49. Kh2 Qf1 50. Nxd6 Qh3+ 51. Kg1 Qxg3+ 52. Kf1 Qxd3+ 53. Kg1 Qg3+ 54.
Kf1 Qh3+ 55. Kg1 Qxh4 56. Nxf7+ Kg7 57. Nxe5 Qg3+ 58. Kf1 Qxe5 59. Qa7+ Kh6 60.
Qf7 Qf4+ 61. Kg1 Qc1+ 62. Kg2 Qd2+ 63. Kf1 Qd1+ 64. Kf2 g3+ 65. Kg2 Qe2+ 66.
Kxg3 Nxe4+ 67. Kf4 Qg4+ 68. Ke5 Qg3+ 69. Kxe4 Ng5# 0-1

[Event "Weekend Accademia"]
[Site "Roma ITA"]
[Date "1996.??.??"]
[Round "6"]
[White "Tosoni, Augusto"]
[Black "Sciannamea, Valerio"]
[Result "0-1"]
[WhiteElo "2008"]
[BlackElo "1719"]
[PlyCount "52"]
[EventDate "1996.??.??"]

1. e4 d6 2. d4 Nf6 3. Nc3 g6 4. f4 Bg7 5. Nf3 O-O 6. Bc4 Nxe4 7. O-O Nxc3 8.
bxc3 Bg4 9. Qe1 e6 10. d5 exd5 11. Bxd5 c6 12. Bc4 Qa5 13. Bd2 Qc5+ 14. Kh1
Qxc4 15. Qh4 Bxf3 16. Rxf3 Nd7 17. Rh3 Nf6 18. Be3 Qxc3 19. Rd1 Qxc2 20. Rf1
Qe2 21. Kg1 Qg4 22. Qf2 Rae8 23. f5 Nd5 24. Rg3 Qe4 25. f6 Bxf6 26. Re1 Bc3 0-1

[Event "Weekend Accademia"]
[Site "Roma ITA"]
[Date "1996.??.??"]
[Round "6"]
[White "Vannelli, Vittorio"]
[Black "Berrino, Umberto"]
[Result "0-1"]
[WhiteElo "1633"]
[BlackElo "1672"]
[PlyCount "74"]
[EventDate "1996.??.??"]

1. d4 d5 2. c4 e6 3. Nc3 Nf6 4. Bg5 Be7 5. Nf3 Nbd7 6. e3 O-O 7. Rc1 a6 8. cxd5
exd5 9. Bd3 c6 10. O-O Re8 11. Qc2 Nf8 12. Ne5 g6 13. Na4 Ne6 14. Bh4 Ng7 15.
Qb3 Ng4 16. Nxg4 Bxg4 17. Bg3 b5 18. Nc5 Bxc5 19. Rxc5 Rc8 20. Rfc1 Bd7 21. a4
Qb6 22. axb5 axb5 23. Qb4 Ra8 24. Bd6 Ra4 25. Qb3 Rea8 26. Qd1 Ra2 27. R5c2 Ne8
28. Bc5 Qb8 29. e4 b4 30. exd5 cxd5 31. Qd2 b3 32. Qh6 Nf6 33. Be7 Ng4 34. Rc8+
Qxc8 35. Rxc8+ Rxc8 36. Qd2 Ra1+ 37. Bf1 Rcc1 0-1

[Event "Weekend Accademia"]
[Site "Roma ITA"]
[Date "1996.??.??"]
[Round "7"]
[White "Barro, Carlo"]
[Black "Sciannamea, Valerio"]
[Result "1-0"]
[WhiteElo "1771"]
[BlackElo "1719"]
[PlyCount "83"]
[EventDate "1996.??.??"]

1. d4 d6 2. c4 e5 3. e3 f5 4. Be2 Nf6 5. Nc3 Be7 6. h4 O-O 7. Nh3 c6 8. Qc2 Na6
9. a3 Bd7 10. Bd2 Rc8 11. h5 h6 12. Rd1 Nc7 13. Bc1 b5 14. dxe5 dxe5 15. Bf3 b4
16. axb4 e4 17. Be2 Ne6 18. c5 a5 19. Bc4 axb4 20. Bxe6+ Kh7 21. Bxf5+ Bxf5 22.
Rxd8 Rcxd8 23. Ne2 Rd3 24. Nef4 b3 25. Qc4 Rd7 26. O-O Rfd8 27. Qxb3 Bxc5 28.
Qc2 Ba7 29. b4 Ng4 30. Ne2 Ne5 31. Nd4 Bxd4 32. exd4 Rxd4 33. Be3 Rc4 34. Qb3
Bxh3 35. gxh3 Rd3 36. Qa2 Nf3+ 37. Kg2 Rxb4 38. Qe6 Rd5 39. Qg6+ Kh8 40. Kh1
Re5 41. Ra1 Rb8 42. Bf4 1-0

[Event "Weekend Accademia"]
[Site "Roma ITA"]
[Date "1996.??.??"]
[Round "7"]
[White "Berrino, Umberto"]
[Black "Galdelli, Fabiano"]
[Result "1/2-1/2"]
[WhiteElo "1672"]
[BlackElo "1738"]
[PlyCount "77"]
[EventDate "1996.??.??"]

1. e4 c5 2. Nf3 Nc6 3. d3 d6 4. Nbd2 g6 5. c3 Bg7 6. Be2 Nf6 7. O-O O-O 8. Re1
Qc7 9. d4 cxd4 10. cxd4 b6 11. Qc2 Ne8 12. Qc4 Nxd4 13. Nxd4 Qxc4 14. Nxc4 Bxd4
15. Bf3 Bb7 16. Bh6 Bg7 17. Bg5 f6 18. Bf4 Nc7 19. Rac1 Na6 20. Nd2 Nc5 21. Be2
Rac8 22. Bc4+ Kh8 23. b4 Na6 24. Be6 Rcd8 25. a3 Bc8 26. Bc4 e5 27. Be3 Bb7 28.
Rc2 Rc8 29. Rec1 Rfd8 30. Bd5 Rxc2 31. Rxc2 Rc8 32. Bxb7 Rxc2 33. Bxa6 Rc1+ 34.
Bf1 Ra1 35. Nc4 Bf8 36. f3 b5 37. Na5 a6 38. Bb6 f5 39. Bc7 1/2-1/2

[Event "Weekend Accademia"]
[Site "Roma ITA"]
[Date "1996.??.??"]
[Round "7"]
[White "Boccia, Mattia Mario"]
[Black "Pantano, Fulvio"]
[Result "0-1"]
[WhiteElo "1534"]
[BlackElo "1636"]
[PlyCount "136"]
[EventDate "1996.??.??"]

1. Nf3 d5 2. g3 c5 3. Bg2 Nc6 4. d4 e6 5. c4 Nf6 6. Nc3 dxc4 7. Qa4 Bd7 8. Qxc4
cxd4 9. Nxd4 Rc8 10. Be3 Bb4 11. O-O Bxc3 12. Qxc3 O-O 13. Qa3 a6 14. Rfd1 Qa5
15. Nxc6 Qxa3 16. bxa3 Bxc6 17. Rd2 Bxg2 18. Kxg2 Nd5 19. Bd4 Rfd8 20. Rad1 Ne7
21. Bb6 Rxd2 22. Rxd2 Nd5 23. Ba5 Kf8 24. Rb2 b5 25. Rd2 Ke8 26. e4 Nf6 27. f3
Nd7 28. Rd6 Nb8 29. Rd2 Nc6 30. Rc2 e5 31. Bd2 Kd7 32. Rb2 Nd4 33. a4 Rc2 34.
Rxc2 Nxc2 35. axb5 axb5 36. Kf2 Kc6 37. Bc3 f6 38. Ba5 Nd4 39. Bb4 g6 40. a3
Ne6 41. Ke3 Nd4 42. f4 Kd7 43. Bc5 Ne6 44. Bb4 Nd4 45. fxe5 fxe5 46. g4 h5 47.
h3 Ne6 48. Kf3 Ng5+ 49. Ke3 Nxh3 50. gxh5 gxh5 51. Be1 Nf4 52. Bg3 Ke6 53. Kf3
Nd3 54. Ke3 Nb2 55. Kd2 Nc4+ 56. Kc3 Nxa3 57. Kb4 Nc4 58. Kxb5 Nd6+ 59. Kb4
Nxe4 60. Bh4 Kd5 61. Kb3 Kd4 62. Kc2 Ke3 63. Kd1 Nf2+ 64. Ke1 Nd3+ 65. Kd1 Kf3
66. Kd2 e4 67. Bg5 Nf4 68. Ke1 e3 0-1

[Event "Weekend Accademia"]
[Site "Roma ITA"]
[Date "1996.??.??"]
[Round "7"]
[White "Buffoni, Luca"]
[Black "Tosoni, Augusto"]
[Result "0-1"]
[WhiteElo "1708"]
[BlackElo "2008"]
[PlyCount "109"]
[EventDate "1996.??.??"]

1. e4 c5 2. Nf3 d6 3. d4 cxd4 4. Nxd4 Nf6 5. Nc3 g6 6. Be3 Bg7 7. f3 O-O 8. Qd2
Nc6 9. g4 Be6 10. Nxe6 fxe6 11. Bc4 d5 12. exd5 Ne5 13. Be2 Nxd5 14. Nxd5 exd5
15. O-O-O e6 16. f4 Nc6 17. Bc5 Qf6 18. c3 d4 19. c4 Qxf4 20. Bxf8 Qxf8 21. g5
Qc5 22. Kb1 e5 23. Bd3 Nb4 24. b3 Nxd3 25. Qxd3 a5 26. Qe4 Qe7 27. h4 a4 28.
Rd3 axb3 29. Rxb3 Rb8 30. Qd5+ Kh8 31. Rf1 Rf8 32. Rxf8+ Qxf8 33. Rf3 Qb4+ 34.
Kc2 Qa4+ 35. Kc1 h5 36. Kb2 Qb4+ 37. Kc2 e4 38. Qxe4 Qxc4+ 39. Kb1 Qb5+ 40. Kc2
Qa4+ 41. Kc1 Qxa2 42. Qxg6 Qa1+ 43. Qb1 Qa5 44. Qxb7 Qe1+ 45. Kc2 Qe2+ 46. Kb3
Qe6+ 47. Kb4 Qe1+ 48. Kc5 Qe5+ 49. Kb6 Qd6+ 50. Qc6 Qb4+ 51. Ka7 Qa5+ 52. Kb7
Qb4+ 53. Ka6 Qb8 54. Rf7 d3 55. Ra7 $138 0-1

[Event "Weekend Accademia"]
[Site "Roma ITA"]
[Date "1996.??.??"]
[Round "7"]
[White "Capezza, Marco"]
[Black "Cialdea, Alberto"]
[Result "1-0"]
[WhiteElo "1762"]
[BlackElo "1900"]
[PlyCount "75"]
[EventDate "1996.??.??"]

1. d4 Nf6 2. c4 c5 3. d5 b5 4. cxb5 a6 5. f3 d6 6. e4 g6 7. Nc3 Bg7 8. a4 O-O
9. Bc4 Nbd7 10. Nge2 Nb6 11. Qb3 Nfd7 12. f4 Nxc4 13. Qxc4 Nb6 14. Qb3 axb5 15.
Nxb5 Ba6 16. Nec3 Qd7 17. Ra3 Rfb8 18. O-O Nc8 19. Qc2 Na7 20. Bd2 Nxb5 21.
axb5 Bxb5 22. Rfa1 Rxa3 23. Rxa3 Bd4+ 24. Kh1 Qc8 25. Nxb5 Rxb5 26. b3 Qb7 27.
h3 e6 28. dxe6 fxe6 29. f5 gxf5 30. exf5 e5 31. Qd3 d5 32. Qg3+ Kf7 33. Qh4
Rxb3 34. Qxh7+ Ke8 35. Qg6+ Kd7 36. Qe6+ Kc7 37. Ba5+ Kb8 38. Qe8+ 1-0

[Event "Weekend Accademia"]
[Site "Roma ITA"]
[Date "1996.??.??"]
[Round "7"]
[White "De Blasio, Alessandro"]
[Black "Alimonti, Daniele"]
[Result "1/2-1/2"]
[WhiteElo "1543"]
[BlackElo "1516"]
[PlyCount "87"]
[EventDate "1996.??.??"]

1. e4 e5 2. f4 d5 3. exd5 e4 4. d3 exd3 5. Bxd3 Nf6 6. Nc3 Bb4 7. Bd2 O-O 8.
Nce2 Bc5 9. c3 Re8 10. Qc2 Bg4 11. h3 Bxe2 12. Nxe2 Qxd5 13. Rh2 Nc6 14. c4 Qh5
15. O-O-O Rad8 16. Ng3 Qh4 17. Nf5 Qh5 18. Rdh1 Nd4 19. Nxd4 Bxd4 20. g4 Qc5
21. g5 Nh5 22. Bxh7+ Kh8 23. Rg2 Qc6 24. Rhh2 g6 25. Bxg6 fxg6 26. Re2 Kh7 27.
f5 Ng7 28. f6 Nf5 29. h4 Rxe2 30. Rxe2 Bxf6 31. gxf6 Rd7 32. h5 Qxf6 33. hxg6+
Qxg6 34. Rh2+ Kg8 35. Be3 Qg4 36. Rg2 Rd1+ 37. Qxd1 Qxg2 38. Qd8+ Kf7 39. Qxc7+
Kg6 40. Qf4 Nxe3 41. Qxe3 Qf1+ 42. Kd2 Qxc4 43. Qd3+ Qxd3+ 44. Kxd3 1/2-1/2

[Event "Weekend Accademia"]
[Site "Roma ITA"]
[Date "1996.??.??"]
[Round "7"]
[White "Failli, Riccardo"]
[Black "Mondello, Gabriele"]
[Result "0-1"]
[WhiteElo "1684"]
[BlackElo "1789"]
[PlyCount "112"]
[EventDate "1996.??.??"]

1. e4 e5 2. Nf3 Nf6 3. Nxe5 d6 4. Nf3 Nxe4 5. d3 Nf6 6. b3 Be7 7. Bb2 O-O 8.
Be2 Bg4 9. O-O d5 10. Ne5 Bxe2 11. Qxe2 Nbd7 12. f4 Re8 13. Nd2 c5 14. Rae1 Qc7
15. Ndf3 h6 16. Qf2 d4 17. Nxd7 Qxd7 18. Ne5 Qc7 19. Qg3 Bd6 20. Bc1 b5 21. Re2
Re7 22. Ref2 Rf8 23. Ng4 Nxg4 24. Qxg4 f5 25. Qf3 Qd7 26. h3 Kh7 27. g4 g6 28.
gxf5 gxf5 29. Rg2 Rg7 30. Rff2 Rfg8 31. Qd5 Bf8 32. Qxd7 Rxd7 33. Re2 Re7 34.
Rxe7+ Bxe7 35. Rxg8 Kxg8 36. a3 a5 37. Bb2 Bd6 38. Bc1 a4 39. bxa4 bxa4 40. Kg2
Be7 41. Kg3 Kf7 42. Bd2 Ke6 43. Kf3 Kd5 44. Ke2 c4 45. Bc1 Bh4 46. Kf3 Be1 47.
Ke2 Bc3 48. Kf3 Ba1 49. dxc4+ Kxc4 50. Bd2 Bc3 51. Ke2 Bb2 52. Bb4 Bc3 53. Bf8
h5 54. Be7 Ba5 55. Kd1 Bc7 56. Bg5 Bd6 0-1

[Event "Weekend Accademia"]
[Site "Roma ITA"]
[Date "1996.??.??"]
[Round "7"]
[White "Farina, Saverio"]
[Black "Pieroni, Marco"]
[Result "1-0"]
[WhiteElo "2170"]
[BlackElo "1705"]
[PlyCount "69"]
[EventDate "1996.??.??"]

1. d4 d5 2. c4 c6 3. Nc3 Nf6 4. Bg5 Ne4 5. Nxe4 dxe4 6. Qd2 Bf5 7. e3 Nd7 8. f3
f6 9. Bh4 a5 10. a3 e5 11. fxe4 Bxe4 12. Bd3 Nc5 13. Bxe4 Nb3 14. Qd1 Nxa1 15.
Nf3 exd4 16. exd4 a4 17. Qxa1 Qa5+ 18. Kf2 g5 19. Bg3 g4 20. Qe1 Kf7 21. Qxa5
Rxa5 22. Nh4 Be7 23. Re1 Ra6 24. Nf5 Rb6 25. Re2 Re8 26. Bd6 Bf8 27. c5 Rb3 28.
d5 Rxe4 29. Rxe4 Rxb2+ 30. Re2 Rxe2+ 31. Kxe2 cxd5 32. Bxf8 Kxf8 33. Ne3 Ke7
34. Nxd5+ Ke6 35. Nb6 1-0

[Event "Weekend Accademia"]
[Site "Roma ITA"]
[Date "1996.??.??"]
[Round "7"]
[White "Franchi, Jose' Maria"]
[Black "Moroni, Marco"]
[Result "1-0"]
[WhiteElo "1876"]
[BlackElo "1842"]
[PlyCount "71"]
[EventDate "1996.??.??"]

1. e4 e5 2. Nf3 Nf6 3. Nxe5 d6 4. Nf3 Nxe4 5. d4 d5 6. Bd3 Nc6 7. O-O Bg4 8. c4
Nb4 9. Re1 Nxd3 10. Qxd3 c6 11. Nbd2 Be6 12. Nxe4 dxe4 13. Qxe4 Bb4 14. Rd1 O-O
15. Bd2 Bxd2 16. Nxd2 Re8 17. Qd3 Bg4 18. Re1 Qf6 19. Re3 Rad8 20. Rae1 Rxe3
21. fxe3 g6 22. Rf1 Qd6 23. Ne4 Qe6 24. Ng5 Qe7 25. Nxf7 Bf5 26. Nh6+ Kg7 27.
Nxf5+ gxf5 28. Rxf5 Rd6 29. e4 Qd8 30. Qg3+ Rg6 31. Qe5+ Kg8 32. h4 h6 33. h5
Rg7 34. Rf6 Re7 35. Rg6+ Kh7 36. Qf6 1-0

[Event "Weekend Accademia"]
[Site "Roma ITA"]
[Date "1996.??.??"]
[Round "7"]
[White "Gardon, Ermanno"]
[Black "Donia, Massimiliano"]
[Result "0-1"]
[WhiteElo "1716"]
[BlackElo "1956"]
[PlyCount "81"]
[EventDate "1996.??.??"]

1. e4 c5 2. Nf3 Nc6 3. d4 cxd4 4. Nxd4 g6 5. c4 Bg7 6. Be3 Nf6 7. Nc3 Ng4 8.
Qxg4 Nxd4 9. Qd1 Ne6 10. Rc1 d6 11. Qd3 Bd7 12. Be2 Bc6 13. b4 b6 14. O-O O-O
15. f4 f5 16. exf5 gxf5 17. Bf3 Bxf3 18. Rxf3 Kh8 19. Bf2 Nc7 20. Bh4 Rf7 21.
Re1 Qf8 22. Nd5 Nxd5 23. cxd5 Rc8 24. Rfe3 Rc3 25. Qd2 Rc7 26. Kh1 Bf6 27.
Bxf6+ Rxf6 28. Qe2 Rf7 29. Qh5 Rg7 30. Qe2 Qc8 31. Qf3 Rc2 32. R3e2 Qc4 33. a3
Rxe2 34. Qxe2 Qxd5 35. Qc2 h6 36. Qc8+ Kh7 37. Qc2 Kg8 38. Qc8+ Kf7 39. Qc2 Rg4
40. Qe2 e6 41. Rd1 $138 0-1

[Event "Weekend Accademia"]
[Site "Roma ITA"]
[Date "1996.??.??"]
[Round "7"]
[White "Gaudino, Gaetano"]
[Black "Morales, Alessandro"]
[Result "1/2-1/2"]
[WhiteElo "1585"]
[BlackElo "1540"]
[PlyCount "43"]
[EventDate "1996.??.??"]

1. e4 c5 2. f4 d5 3. e5 e6 4. Nf3 Be7 5. Bb5+ Bd7 6. Bxd7+ Nxd7 7. O-O Nh6 8.
c3 f5 9. d4 c4 10. Ng5 Bxg5 11. fxg5 Nf7 12. Qh5 g6 13. Qh4 h6 14. Qg3 hxg5 15.
Nd2 Qe7 16. Nf3 f4 17. Qg4 Rh5 18. Ne1 Nh6 19. Qe2 Nf7 20. Qc2 Rh6 21. g3 Nb6
22. h4 {...} 1/2-1/2

[Event "Weekend Accademia"]
[Site "Roma ITA"]
[Date "1996.??.??"]
[Round "7"]
[White "Latini, Carlo"]
[Black "De Carolis, Maurizio"]
[Result "1/2-1/2"]
[WhiteElo "1701"]
[BlackElo "1555"]
[PlyCount "80"]
[EventDate "1996.??.??"]

1. e4 d6 2. d4 g6 3. c4 Nf6 4. Nc3 Bg7 5. f3 O-O 6. Be3 e5 7. d5 Nh5 8. Qd2 f5
9. O-O-O f4 10. Bf2 a6 11. Bd3 Bd7 12. g4 Nf6 13. h4 b5 14. cxb5 axb5 15. Bxb5
Bxb5 16. Nxb5 Rxa2 17. Na3 Ra1+ 18. Kc2 Rxd1 19. Kxd1 Nbd7 20. Nh3 Qb8 21. Ke2
Qb7 22. Rc1 Rb8 23. Nc4 Qb5 24. Ke1 Ne8 25. Ng5 Nf8 26. Na5 h6 27. Nh3 Qxb2 28.
Rc2 Qb4 29. Qxb4 Rxb4 30. Nc6 Rb3 31. Ke2 Kf7 32. Ba7 Nd7 33. Nf2 Bf6 34. h5 g5
35. Nd3 Nb6 36. Rb2 Rxb2+ 37. Nxb2 Nc8 38. Nd3 Nxa7 39. Nxa7 Ke7 40. Nb4 Kd7
1/2-1/2

[Event "Weekend Accademia"]
[Site "Roma ITA"]
[Date "1996.??.??"]
[Round "7"]
[White "Laudati, Adriano"]
[Black "Galeno, Giorgio"]
[Result "1-0"]
[WhiteElo "1870"]
[BlackElo "1680"]
[PlyCount "105"]
[EventDate "1996.??.??"]

1. e4 d6 2. d4 Nf6 3. Nc3 g6 4. Be2 Bg7 5. h4 c5 6. dxc5 Qa5 7. Kf1 Qxc5 8. Be3
Qa5 9. h5 gxh5 10. Bxh5 Nxh5 11. Rxh5 Qa6+ 12. Qe2 Qxe2+ 13. Ngxe2 Bg4 14. Rh4
Be6 15. Bd4 Bxd4 16. Nxd4 Bc4+ 17. Ke1 Nd7 18. b3 Ba6 19. Ncb5 Bxb5 20. Nxb5
Rc8 21. c4 a6 22. Nd4 Ne5 23. Kd2 Ng6 24. Rh2 h5 25. Rah1 Rc5 26. Nf5 Kd7 27.
Rxh5 Rxh5 28. Rxh5 Nf4 29. Rh2 e6 30. Ne3 b5 31. g3 Ng6 32. cxb5 axb5 33. f4 b4
34. Nc2 Rb5 35. Ke3 Ne7 36. Rd2 f5 37. Nd4 Ra5 38. exf5 exf5 39. Kd3 Nd5 40.
Nxf5 Nxf4+ 41. Ke4 Nh5 42. Rxd6+ Kc7 43. Rh6 Nxg3+ 44. Nxg3 Rxa2 45. Kd3 Rf2
46. Ne4 Rf3+ 47. Kc4 Rf4 48. Re6 Rf1 49. Kxb4 Kd7 50. Nc5+ Kc7 51. Kb5 Ra1 52.
b4 Rc1 53. Rc6+ 1-0

[Event "Weekend Accademia"]
[Site "Roma ITA"]
[Date "1996.??.??"]
[Round "7"]
[White "Ludovici, Roberto"]
[Black "Catena, Marco"]
[Result "0-1"]
[WhiteElo "1713"]
[BlackElo "1630"]
[PlyCount "100"]
[EventDate "1996.??.??"]

1. e4 e6 2. Nf3 d5 3. Nc3 Nf6 4. exd5 exd5 5. d4 Bd6 6. h3 Bf5 7. Bd3 Bxd3 8.
Qxd3 c6 9. Bg5 Nbd7 10. O-O O-O 11. Ne2 Qc7 12. Nh4 Ne4 13. Be3 g6 14. Nf3 b5
15. Nd2 Rfe8 16. f4 Nxd2 17. Qxd2 f5 18. Rf3 Nf6 19. Qd3 Re6 20. g3 Rae8 21.
Nc3 Qe7 22. Re1 Ne4 23. Nd1 Kg7 24. Kg2 Bb4 25. c3 Ba5 26. Rff1 Bc7 27. Re2 Bd8
28. b3 h5 29. c4 a6 30. cxd5 cxd5 31. Rc2 h4 32. g4 fxg4 33. hxg4 h3+ 34. Kh2
Qh4 35. Rg1 Nf6 36. Qe2 Re4 37. Qf3 Nd7 38. Rg3 Qe7 39. Rxh3 Nf6 40. Rg3 Bc7
41. Kg2 Bb6 42. Rd2 Qb4 43. Rd3 Bxd4 44. Bxd4 Rxd4 45. Rxd4 Qxd4 46. Nf2 Qd2
47. a4 Re2 48. Kf1 Re1+ 49. Kg2 Ne4 50. Rh3 Re2 0-1

[Event "Weekend Accademia"]
[Site "Roma ITA"]
[Date "1996.??.??"]
[Round "7"]
[White "Luna, Giovanni"]
[Black "Abuhamdieh, Arafat"]
[Result "0-1"]
[WhiteElo "1564"]
[BlackElo "1528"]
[PlyCount "78"]
[EventDate "1996.??.??"]

1. e4 c5 2. Bc4 Nc6 3. Nf3 Na5 4. Qe2 e6 5. Nc3 a6 6. a4 Nxc4 7. Qxc4 b6 8. O-O
Bb7 9. d3 f5 10. Ne5 fxe4 11. Nxe4 d5 12. Qa2 dxe4 13. Bf4 Qf6 14. Bg3 Nh6 15.
Rad1 Be7 16. dxe4 Bxe4 17. Nd7 Qf5 18. Nxb6 Rd8 19. Rxd8+ Bxd8 20. Nc8 O-O 21.
Nd6 Qg6 22. Re1 Bd5 23. c4 Ba5 24. Re2 Qd3 25. Kf1 Bxg2+ 26. Kxg2 Qxe2 27. Qb3
Be1 28. Qe3 Qxe3 29. fxe3 Bxg3 30. hxg3 Nf5 31. Nxf5 exf5 32. Kf3 Rb8 33. Kf4
g6 34. g4 fxg4 35. Kxg4 Rxb2 36. e4 Rb4 37. Kg5 Rxc4 38. e5 Kf7 39. a5 Ke6 0-1

[Event "Weekend Accademia"]
[Site "Roma ITA"]
[Date "1996.??.??"]
[Round "7"]
[White "Michelena, Rodolfo"]
[Black "Crucioli, Marco"]
[Result "1-0"]
[WhiteElo "1810"]
[BlackElo "1630"]
[PlyCount "89"]
[EventDate "1996.??.??"]

1. d4 Nf6 2. c4 e5 3. d5 Bc5 4. e3 O-O 5. g3 d6 6. Bg2 a6 7. Nc3 h6 8. Nge2 Bf5
9. a3 a5 10. h3 Na6 11. g4 Bg6 12. Ng3 Bb6 13. Na4 Ba7 14. Bd2 Nc5 15. Nxc5
Bxc5 16. Bc3 Nd7 17. Be4 Bb6 18. Qc2 Bxe4 19. Nxe4 Qh4 20. O-O-O Nc5 21. Nxc5
Bxc5 22. Rdg1 Qf6 23. h4 Qg6 24. Qe2 c6 25. h5 Qg5 26. Bd2 cxd5 27. cxd5 Qe7
28. g5 hxg5 29. Qg4 f6 30. Qf5 Qf7 31. e4 Rfc8 32. Kb1 Kf8 33. Rg3 Ke7 34. Rf3
Rf8 35. Bxg5 Ke8 36. Bd2 Kd8 37. Rg1 Kc7 38. Rg6 b5 39. Rfg3 Rg8 40. Be3 Bxe3
41. Rxe3 b4 42. a4 Qd7 43. Qxd7+ Kxd7 44. Reg3 Kc7 45. h6 1-0

[Event "Weekend Accademia"]
[Site "Roma ITA"]
[Date "1996.??.??"]
[Round "7"]
[White "Papetti, Francesco"]
[Black "Rossi De Gasperis, Pietro"]
[Result "1/2-1/2"]
[WhiteElo "1705"]
[BlackElo "1833"]
[PlyCount "94"]
[EventDate "1996.??.??"]

1. d4 Nf6 2. c4 e6 3. Nf3 b6 4. g3 Ba6 5. Qc2 d5 6. b3 c6 7. Bg2 Be7 8. O-O O-O
9. Ne5 Nfd7 10. Nd3 Nf6 11. Bb2 Nbd7 12. Nd2 Rc8 13. Rac1 c5 14. Qb1 cxd4 15.
Bxd4 Nc5 16. e3 Re8 17. Rfd1 Nxd3 18. Qxd3 Ba3 19. Rc2 Qe7 20. Ba1 Red8 21. Qe2
b5 22. Bf1 bxc4 23. bxc4 Rc6 24. Qf3 Rdc8 25. Qf4 Bb4 26. Nf3 dxc4 27. Ne5 R6c7
28. Bxc4 Bd6 29. Bxa6 Rxc2 30. Bxc8 Rxc8 31. Qd4 Bxe5 32. Qxe5 h6 33. Qb5 Rc2
34. Qb8+ Ne8 35. Kg2 f6 36. Rd8 Kf7 37. Bd4 Rc7 38. a4 Rb7 39. Qa8 Nd6 40. Bc5
Rd7 41. Rxd7 Qxd7 42. Bxd6 Qxd6 43. Qxa7+ Kg6 44. Qd4 Qc6+ 45. Kg1 Qc1+ 46. Kg2
Qc6+ 47. Kg1 Qc1+ 1/2-1/2

[Event "Weekend Accademia"]
[Site "Roma ITA"]
[Date "1996.??.??"]
[Round "7"]
[White "Perretta, Maurizio"]
[Black "De Vita, Gianni"]
[Result "1-0"]
[WhiteElo "2007"]
[BlackElo "2090"]
[PlyCount "55"]
[EventDate "1996.??.??"]

1. Nf3 d5 2. g3 Nf6 3. Bg2 Nc6 4. d3 e5 5. O-O Be7 6. b3 O-O 7. Bb2 d4 8. c3
Bg4 9. cxd4 exd4 10. Na3 Re8 11. Rc1 Nd5 12. Nc4 Bf6 13. a3 Qd7 14. Re1 Re6 15.
Ncd2 Bf5 16. b4 Nc3 17. Bxc3 dxc3 18. Nb3 b6 19. d4 c2 20. Qd2 Rd8 21. e3 Be4
22. Qc3 Qd5 23. Nbd2 Nxd4 24. exd4 Bxf3 25. Nxf3 Rc6 26. Qd3 Rc4 27. Rxc2 Rxc2
28. Qxc2 1-0

[Event "Weekend Accademia"]
[Site "Roma ITA"]
[Date "1996.??.??"]
[Round "7"]
[White "Petruccioli, Antonio"]
[Black "Marzano, Carlo"]
[Result "1/2-1/2"]
[WhiteElo "2007"]
[BlackElo "2160"]
[PlyCount "105"]
[EventDate "1996.??.??"]

1. e4 e6 2. d4 d5 3. exd5 exd5 4. Bd3 Nc6 5. c3 Bd6 6. Qc2 Nge7 7. Bg5 Bg4 8.
Nd2 Qd7 9. Ne2 O-O-O 10. O-O Rde8 11. Rfe1 f6 12. Bh4 h5 13. Nf1 g5 14. Bg3
Bxg3 15. hxg3 h4 16. gxh4 gxh4 17. f3 Bh5 18. Nf4 Kb8 19. Nxh5 Rxh5 20. Bg6
Nxg6 21. Qxg6 Reh8 22. Re2 R5h6 23. Qg4 f5 24. Qf4 Ne7 25. Rae1 Ng6 26. Qxh6
Rxh6 27. Re8+ Qc8 28. R1e6 c6 29. Ne3 Qxe8 30. Rxe8+ Kc7 31. Nxf5 Rh5 32. Ne3
h3 33. g3 Rh7 34. Kh2 Rf7 35. f4 Nxf4 36. gxf4 Rxf4 37. Kxh3 Rf2 38. Re7+ Kb6
39. c4 Rxb2 40. cxd5 cxd5 41. Nxd5+ Kc6 42. Nc3 Rd2 43. d5+ Kd6 44. Re3 Rc2 45.
Kg3 b5 46. Re6+ Kd7 47. Nxb5 Rxa2 48. Kf4 Ra5 49. Nxa7 Rxa7 50. Ke5 Ra1 51. Rh6
Re1+ 52. Kd4 Rd1+ 53. Kc4 1/2-1/2

[Event "Weekend Accademia"]
[Site "Roma ITA"]
[Date "1996.??.??"]
[Round "7"]
[White "Pezzaldi, Roberto"]
[Black "Perotti, Germano"]
[Result "1-0"]
[WhiteElo "2013"]
[BlackElo "1717"]
[PlyCount "85"]
[EventDate "1996.??.??"]

1. c4 f5 2. Nc3 Nf6 3. g3 e6 4. Bg2 Be7 5. d4 d5 6. Nf3 O-O 7. O-O Bd7 8. Ne5
Nc6 9. cxd5 Nb4 10. dxe6 Bxe6 11. Bxb7 Rb8 12. Bg2 Bd6 13. Nf3 Qe8 14. Ng5 Bc4
15. b3 Nbd5 16. Nxd5 Bxe2 17. Nxf6+ Rxf6 18. Bd5+ Kh8 19. Nf7+ Qxf7 20. Bxf7
Bxd1 21. Bd5 Bg4 22. Re1 f4 23. f3 Bd7 24. g4 g5 25. Bb2 Rff8 26. Bc4 Kg7 27.
Be6 Bxe6 28. Rxe6 Rbe8 29. Rae1 Rxe6 30. Rxe6 Kf7 31. Re2 h5 32. h3 hxg4 33.
hxg4 Be7 34. Rxe7+ Kxe7 35. Ba3+ Kf7 36. Bxf8 Kxf8 37. Kf2 Ke7 38. Ke2 Kd6 39.
Kd3 Kd5 40. b4 c6 41. a3 a6 42. a4 Kd6 43. Kc4 1-0